00597nam a22001217a 4500008004100000040005500041080001700096245004000113260004300153500022600196650002400422700002900446230721b |||||||| |||| 00| 0 eng d aNational Science LibrarycNational Science Library a66.002.3(05) aAnnual review of materials science  aPalo Alto: bAnnual Review Inc, c1985 aVol. 1 (Annual review of materials science) ix, 420p. Vol. 15 (Annual review of materials science) , 589p. Vol. 11 (Annual review of materials science0 , 583p. Vol. 16 (Annual review of materials science) , viii, 571p.  aChemical technology aHuggins, Robert A (Ed.)